000 00313nam a2200121Ia 4500
008 190216s9999||||xx |||||||||||||| ||und||
100 _aFour Authors
245 0 _aSimple History Of Modern Europe
260 _bSurjeet Pubs.Delhi
_c1977
300 _a288
650 _aWorld History-History Of Europe
942 _cBK
999 _c20137
_d20137